000 00594cam a22001577a 4500
008 180718b1985 xxu||||| |||| 00| 0 eng d
082 _aOA4055x54 In2
245 _aDirectory of national parks and sanctuaries in India
_cedited by Dilanavaz Variava and Shekhar Singh
260 _aNew Delhi
_bIndian Institute of Public Administration, Environmental Studies Group
_c1985
300 _av.p.
440 _aIIPA Working Paper, 1985: 5
650 _aParks - Directories - India
700 _aIndia. Directorate of Wildlife Preservation
700 _aSingh, Shekhar
700 _aVariava, Dilanavaz
999 _c486396
_d486396